| 000 | 00440nam a22001455i 4500 | ||
|---|---|---|---|
| 020 | _a9783319531281 | ||
| 082 |
_a526.9 _bWAL _cN-02,P-99 |
||
| 100 |
_aWalkar, John _951500 |
||
| 245 | 0 | 0 |
_aSurveying for civil and mine engineers. _bTheory, workshop and practicals |
| 260 |
_aSwitzerland, _bSpringer, _c2018. |
||
| 300 | _axxi,260 pages. | ||
| 526 |
_a0 _b0 _c0 _d526_900000000000000_WAL |
||
| 700 |
_aAwange, Joseph _951501 |
||
| 942 |
_2ddc _cBK |
||
| 999 |
_c554185 _d554185 |
||